| 000 | 00453nam a22001817a 4500 | ||
|---|---|---|---|
| 003 | NUST - PNEC | ||
| 005 | 20170116181130.0 | ||
| 008 | 151006b xxu||||| |||| 00| 0 eng d | ||
| 020 | _a0831131411 | ||
| 040 | _cLIBRARY | ||
| 082 | _a621.8672 RAM | ||
| 100 |
_913915 _aRampaul, Hoobasar |
||
| 245 |
_aPipe welding procedures _cHoobasar Rampaul |
||
| 250 | _a2nd ed. | ||
| 260 | _cc.2003 | ||
| 650 |
_913916 _aPipe--Welding _xME |
||
| 942 |
_2ddc _cBK |
||
| 999 |
_c69925 _d69925 |
||